000 00318nam a2200133Ia 4500
005 20260328104302.0
008 260328s9999||||xx |||||||||||||| ||und||
100 _aSan Agustín
245 0 _aConfesiones /
_cSan Agustín
260 _bcolección Austral
300 _a242 p.
650 _aconfesiones
942 _cBK
999 _c10619
_d10619